000 01109nac a22003011i 4500
003 EG-ScBUE
005 20221218100455.0
008 090201s2007 vraae f 001 0 eng d
020 _a9781864701715 (hbk.) :
040 _aEG-ScBUE
_beng
_erda
_cEG-ScBUE
_dEG-ScBUE
082 0 4 _a728
_bCRA
_222
100 1 _aCrafti, Stephen,
_eauthor.
245 1 4 _aThe ultimate urban makeover :
_bUnique architectural renovations /
_cStephen Crafti.
264 1 _aMulgrave, Victoria :
_bImages Publishing Group,
_c2007.
300 _a224 pages :
_billustrations (chiefly color), plans ;
_c31 cm
336 _2rdacontent
_atext
_btxt
337 _2rdamedia
_aunmediated
_bn
338 _2rdacarrier
_avolume
_bnc
500 _aIncludes index.
650 7 _aArchitecture, Domestic.
_2BUEsh
650 7 _aBuildings
_xRepair and reconstruction.
_2BUEsh
650 7 _aBuildings
_xAdditions
_xDesign and construction.
_2BUEsh
650 7 _aDecoration and ornament, Architectural.
_2BUEsh
650 7 _aArchitecture, Domestic
_xDesigns and plans.
_2BUEsh
653 _bENGARC
655 _vReading book
942 _cBB
_2ddc
999 _c8668
_d8668